Visualizzazione normale
Vista MARC
- Fuscagni Carlo
di Personal Name
Records bibliografici associati: 1
001 - CONTROL NUMBER
- control field: 54653
003 - CONTROL NUMBER IDENTIFIER
- control field: IT-RoPau
005 - DATE AND TIME OF LATEST TRANSACTION
- control field: 20151203214206.0
008 - FIXED-LENGTH DATA ELEMENTS
- fixed length control field: 151203|| aca||aabn | a|a d
040 ## - CATALOGING SOURCE
- Original cataloging agency: IT-RoPau
- Transcribing agency: IT-RoPau
100 ## - HEADING--PERSONAL NAME
- Personal name: Fuscagni Carlo
- Miscellaneous information: Codice regista SPICS: 21031
670 ## - SOURCE DATA FOUND
- Source citation: Work cat.: (IT-RoPau)108138: Fuscagni Carlo Codice regista SPICS: 21031, IN NOME DELLA VITA (IL PROBLEMA DELL'ABORTO) IN NOME DELLA VITA (IL PROBLEMA DELL'ABORTO) (Rif. Codice opera principale : V0561)